00627nam a22001697a 450000500170000000800410001704000070005804100120006508200210007710000740009824500560017226000830022830000280031165000150033965000290035470000740038320221104115927.0221104b ||||| |||| 00| 0 eng d cAL aEnglish 223a915.87bMINU aMinistry for Foreign Economic Relations of the Republic of Uzbekistan aUzbekistan: At the Doorstep of the Third Millennium aUzbekistanbMinistry for Foreign Economic Relations of the Republicc1998-2000 a350 p.bPBc28.5x21 cm. aUzbekistan aInvestment Opportunities aMINISTRY FOR FOREIGN ECONOMIC RELATIONS OF THE REPUBLIC OF UZBEKISTAN